Bienvenue au Catalogue en Ligne des Bibliothèques de l'Universite du Burundi

Les signes et le manager (Record no. 6548)

000 -GUIDE
Champ de contrôle de longueur fixe 00999nam a22002657a 4500
003 - IDENTITÉ DU NUMÉRO DE CONTRÔLE
Champ de contrôle BI-BuBU
008 - ÉLÉMENTS DE LONGUEUR FIXE - RENSEIGNEMENTS GÉNÉRAUX
Champ de contrôle de longueur fixe 100809t fr ||||dr|||| 000 0 fre d
020 ## - INTERNATIONAL STANDARD BOOK NUMBER
ISBN 9782729603311
020 ## - INTERNATIONAL STANDARD BOOK NUMBER
ISBN 272960331x
039 ## - NIVEAU DE CONTRÔLE BIBLIOGRAPHIQUE ET HISTORIQUE D'ENCODAGE [OBSOLETE]
Date creation gns
040 ## - SOURCE DU CATALOGAGE
Organisme qui a effectué le catalogage original BI-BuBU
Code de la langue utilisée dans le catalogage fre
Organisme qui a effectué la transcription BI-BuBU
080 ## - INDICE DE LA CLASSIFICATION DÉCIMALE UNIVERSELLE (CDU)
Indice de la Classification décimale universelle 658.315
100 1# - VEDETTE PRINCIPALE - NOM DE PERSONNE
Code de relation aut
Nom de personne Blanchard,Kenneth
245 14 - MENTION DU TITRE
Titre Les signes et le manager
Reste du titre l'art de la délégation
Mention de responsabilité, etc. Kenneth Blanchard, William Orken, Hal Burrows; trad. de l'américain par Philippe Mortimer
260 ## - PUBLICATION, DIFFUSION, ETC. (ADRESSE BIBLIOGRAPHIQUE)
Lieu de publication, diffusion, etc. Paris
Nom de l'éditeur, diffuseur, etc. Inter éditions
Date of publication, distribution, etc 1990
300 ## - DESCRIPTION MATÉRIELLE
Collation 140 p.
Dimensions 22 cm.
650 #7 - VEDETTE-MATIÈRE - NOM COMMUN
Source du terme BI-BuBU
Vedette de sujet ou vedette comportant un nom géographique Manager : Employé. Relation professinnelle
9 (RLIN) 23673
650 #7 - VEDETTE-MATIÈRE - NOM COMMUN
Source du terme BI-BuBU
Vedette de sujet ou vedette comportant un nom géographique Employé : Manager. Relation professinnelle
9 (RLIN) 23674
700 ## - VEDETTE SECONDAIRE - NOM DE PERSONNE
Code de relation aut
Nom d'auteur Oncken,William
9 (RLIN) 23675
700 ## - VEDETTE SECONDAIRE - NOM DE PERSONNE
Code de relation aut
Nom d'auteur Burrows,Hal
9 (RLIN) 23676
700 ## - VEDETTE SECONDAIRE - NOM DE PERSONNE
Code de relation trl
Nom d'auteur Mortimer,Philippe
9 (RLIN) 23677
942 ## - ÉLÉMENTS D'ENTRÉE ADDITIONNELLE (KOHA)
Source de la classification ou du système de rangement
Type d item koha BOOK
Holdings
Statut de retrait Statut de perte Source de la classification ou du système de rangement Statut de déterioration Exclu du prêt Numéro d item Koha Localisation permanente Localisation actuelle Date d'acquisition Source d'acquisition Nombre de prêts Cote Code-barres Date last seen Numéro d'exemplaire Prix en vigueur à partir du Type d item koha
          8253 Bibliothèque Centrale Bibliothèque Centrale 09/08/2010 Don du C.C.A   658.315.BLA 5010000092481 09/08/2010 1 09/08/2010 BOOK
© 2019-2026 - Bibliothèques de l'Université du Burundi |Tous droits réservés
home | Pour toute information urgente Contactez nous | tel whatsupp: +25779204313